01370nam a2200385 i 450000100060000000300080000600500170001400600190003100700150005000800410006502000180010602000280012403500220015204000310017405000240020508000120022908200140024110000330025524501480028826400360043630000410047233600290051333700330054233800430057549000210061850400290063958800830066865000150075165500270076670000280079370000400082170000380086183000220089985600630092159878FINmELB20241217142034.0m o u cr cn|||||||||240822s2014 sp ob 000 0 spa d z9788483569863 a9788483569870q(e-book) a(OCoLC)1327854606 aFINmELBbspaerdacFINmELB14aBF637.S4bR174 2014 a159.94204a158.12231 aRamón Lucas, Juan,eautor.10aHablemos sobre felicidad /cJuan Ramón Lucas ; conversaciones con Javier Fernández Aguado y Sandra Ibarra ; prólogo de Luis Rojas Marcos. 1aMadrid :bLID Editorial,c2014. a1 recurso en línea (198 páginas) atextobtxt2rdamedia/spa acomputadorabc2rdamedia/spa arecurso en líneabcr2rdacarrier/spa1 aColección Viva aContiene bibliografía. aDescripción basada en metadatos suministrados por el editor y otras fuentes. 4aFelicidad. 4aLibros electrónicos.1 aIbarra, Sandra,eautor.1 aFernández Aguado, Javier,eautor.1 aRojas Marcos, Luis,eprologuista. 0aColección Viva.40uhttps://elibro.net/ereader/politecnicointernacional/271490